| 000 | 00705cab a2200241 4500 | ||
|---|---|---|---|
| 001 | WB3343-18 | ||
| 008 | 090401t1997 xxu||||| |||| 00| 0 eng d | ||
| 035 | _a(Sirsi) u81920 | ||
| 041 | _aeng | ||
| 245 | _aEuropean business locations | ||
| 260 | _c1997 | ||
| 350 | _a0 | ||
| 490 |
_aFinancial Times _v5 November 1997 (4) LOAN |
||
| 520 | _aSurvey of European business locations including Eastern Europe. Looking at inward investment, EU incentives and shared service centres. | ||
| 650 | _aBUSINESS LOCATIONS | ||
| 650 | _aGERMANY | ||
| 650 | _aIRELAND | ||
| 650 | _aSHARED SERVICE CENTRES | ||
| 650 | _aUNITED KINGDOM | ||
| 690 | _aOVERSEAS-EUROPE | ||
| 942 | _n0 | ||
| 948 | _c05/11/1997 | ||
| 999 |
_c51659 _d51659 |
||